[Event "16e Tournoi d'Automne - Tournoi B"]
[Site "Montigny le Bretonneux"]
[Date "2017.10.25"]
[Round "5.5"]
[White "Duval, Dominique"]
[Black "Claisse, Patrick"]
[Result "0-1"]
[WhiteElo "1718"]
[BlackElo "1748"]
[Annotator "Rivier,Sylvain"]
[PlyCount "76"]
[EventDate "2017.??.??"]

{Partie du pion dame} 1. d4 Nf6 2. Bf4 g6 3. Nc3 d5 4. e3 Bg7 5. Be2 O-O 6. h3
c6 7. Nf3 b6 8. Ne5 Nfd7 9. Nd3 Re8 10. Ne5 Nxe5 11. dxe5 e6 12. Bg3 Nd7 13. f4
b5 14. Bf2 Qa5 15. a3 Bb7 16. h4 Qc7 17. Bd3 f5 18. h5 Kf7 19. h6 Bf8 20. g4
Be7 21. gxf5 exf5 22. Bxf5 gxf5 23. Qh5+ Ke6 24. Rg1 Nf8 25. O-O-O Ng6 26.
Rxg6+ hxg6 27. Qxg6+ Kd7 28. Qxf5+ Kd8 29. h7 Qc8 30. e6 Kc7 31. Rh1 Rf8 32.
Qe5+ Kb6 33. e4+ Ka6 34. exd5 cxd5 35. Qe2 Qc4 36. Qe5 Bf6 37. Qd6+ Qc6 38. Qb4
d4 0-1

[Event "16e Tournoi d'Automne - Tournoi B"]
[Site "Montigny le Bretonneux"]
[Date "2017.10.26"]
[Round "6.1"]
[White "Plantet, Marc"]
[Black "Conq, Alain"]
[Result "1-0"]
[WhiteElo "1765"]
[BlackElo "1829"]
[Annotator "Rivier,Sylvain"]
[PlyCount "132"]
[EventDate "2017.??.??"]

{Défense sicilienne} 1. e4 c5 2. Nf3 a6 3. c4 e6 4. Nc3 Nc6 5. Be2 Nf6 6. O-O
d5 7. cxd5 exd5 8. e5 Ng4 9. Re1 Be6 10. d4 cxd4 11. Nxd4 Qh4 12. Bxg4 Bxg4 13.
Nf3 Qh5 14. Nxd5 O-O-O 15. Bf4 Bxf3 16. gxf3 Qg6+ 17. Bg3 Qe6 18. Nf4 Rxd1 19.
Rexd1 Qf5 20. Rac1 Kb8 21. Rd5 Ka7 22. e6 Qf6 23. Rd7 Ne5 24. Rc8 g5 25. Nd5
Qxe6 26. Rdd8 Nxf3+ 27. Kg2 Ne1+ 28. Kf1 Qh3+ 29. Ke2 Qg4+ 30. Kxe1 Bb4+ 31.
Kf1 Qd1+ 32. Kg2 Qxd5+ 33. Rxd5 Rxc8 34. Rxg5 Rc2 35. Be5 Bd2 36. Rf5 Bc1 37.
Bd4+ Kb8 38. b3 Rxa2 39. Rxf7 h6 40. Bb6 Ba3 41. Rh7 Kc8 42. Kf3 Rb2 43. Rc7+
Kb8 44. Rc3 Bb4 45. Rd3 Rc2 46. Kg4 Rc6 47. Rd8+ Rc8 48. Rd4 Bc3 49. Rd6 Rc6
50. Rxc6 bxc6 51. Be3 Bg7 52. Kf5 Bf8 53. Ke6 a5 54. Kf7 Bd6 55. f4 c5 56. Ke6
Kc7 57. h3 h5 58. Kd5 h4 59. f5 Kd7 60. Bg5 Be7 61. f6 Bf8 62. Bxh4 Kc7 63.
Bg3+ Kd7 64. Be1 c4 65. Kxc4 Ke6 66. Bc3 Kf5 1-0

[Event "16e Tournoi d'Automne - Tournoi B"]
[Site "Montigny le Bretonneux"]
[Date "2017.10.26"]
[Round "6.2"]
[White "Gazay, Didier"]
[Black "Taramelli, Marc"]
[Result "0-1"]
[WhiteElo "1757"]
[BlackElo "1787"]
[Annotator "Rivier,Sylvain"]
[PlyCount "40"]
[EventDate "2017.??.??"]

{Ouver Ouverture anglaise} 1. c4 e5 2. g3 d6 3. Bg2 f5 4. d3 Nf6 5. Nc3 c6 6.
e3 Be7 7. Nge2 O-O 8. O-O Na6 9. d4 e4 10. f3 d5 11. cxd5 cxd5 12. a3 Be6 13.
Bd2 Rc8 14. Nf4 Bf7 15. Bh3 g5 16. Nfxd5 Nxd5 17. Bxf5 Nxc3 18. Bxc3 Rxc3 19.
bxc3 Bc4 20. Rf2 Rxf5 0-1

[Event "16e Tournoi d'Automne - Tournoi B"]
[Site "Montigny le Bretonneux"]
[Date "2017.10.26"]
[Round "6.3"]
[White "Bremond, Louis"]
[Black "Duval, Dominique"]
[Result "1/2-1/2"]
[WhiteElo "1844"]
[BlackElo "1718"]
[Annotator "Rivier,Sylvain"]
[PlyCount "80"]
[EventDate "2017.??.??"]

{Défense sicilienne, gambit Morra} 1. e4 c5 2. d4 cxd4 3. c3 dxc3 4. Nxc3 Nc6
5. Bc4 e6 6. Bf4 a6 7. Bd6 Bxd6 8. Qxd6 Qe7 9. Qd2 b5 10. Bb3 Na5 11. Nf3 Nxb3
12. axb3 Bb7 13. O-O Nf6 14. Rfe1 O-O 15. e5 Ne8 16. Red1 Rd8 17. Nd4 d5 18.
Na2 Rc8 19. Nb4 Qc7 20. Nxa6 Bxa6 21. Rxa6 Qxe5 22. Nxb5 Nc7 23. Re1 Qf6 24.
Nxc7 Rxc7 25. Rc1 Qd4 26. Qe1 Rxc1 27. Qxc1 Rb8 28. Rc6 h6 29. Rc8+ Rxc8 30.
Qxc8+ Kh7 31. Qc2+ g6 32. g3 e5 33. Qc3 Qd1+ 34. Kg2 e4 35. Qf6 Kg8 36. b4 Qb3
37. Qc3 Qa4 38. Qc8+ Kg7 39. Qc3+ Kh7 40. Qc7 Qe8 1/2-1/2

[Event "16e Tournoi d'Automne - Tournoi B"]
[Site "Montigny le Bretonneux"]
[Date "2017.10.26"]
[Round "6.4"]
[White "Claisse, Patrick"]
[Black "Verat-Fayolle, Celian"]
[Result "1/2-1/2"]
[WhiteElo "1748"]
[BlackElo "1734"]
[Annotator "Rivier,Sylvain"]
[PlyCount "45"]
[EventDate "2017.??.??"]

{Partie espagnole} 1. e4 e5 2. Nf3 Nc6 3. Bb5 Nge7 4. Nc3 g6 5. d4 exd4 6. Nxd4
Bg7 7. Be3 O-O 8. O-O d5 9. exd5 Nxd5 10. Nxd5 Qxd5 11. Bxc6 bxc6 12. c3 Rb8
13. Nb3 Be6 14. Bxa7 Qxd1 15. Rfxd1 Bxb3 16. axb3 Rxb3 17. Bc5 Rfb8 18. Ba3 Bf8
19. Bxf8 Kxf8 20. Ra7 Rxb2 21. Rxc7 Rc2 22. Rxc6 Rbb2 23. Rf6 1/2-1/2

[Event "16e Tournoi d'Automne - Tournoi B"]
[Site "Montigny le Bretonneux"]
[Date "2017.10.26"]
[Round "6.5"]
[White "Couronne, Patrice"]
[Black "Chitrit, Norbert"]
[Result "0-1"]
[WhiteElo "1657"]
[BlackElo "1768"]
[Annotator "Rivier,Sylvain"]
[PlyCount "58"]
[EventDate "2017.??.??"]

{Défense est-indienne, attaque des quatre pions} 1. d4 Nf6 2. c4 g6 3. Nc3 Bg7
4. e4 d6 5. f4 c5 6. d5 a6 7. Nf3 O-O 8. Bd3 b5 9. cxb5 axb5 10. O-O c4 11. Bc2
b4 12. Na4 Bd7 13. Rb1 Bxa4 14. Bxa4 Nxe4 15. Re1 Nc5 16. b3 c3 17. a3 Rxa4 18.
bxa4 b3 19. Rxb3 Nxb3 20. Qxb3 Nd7 21. Be3 Qc7 22. Bd4 Rb8 23. Qc2 Rb2 24. Qd3
Bxd4+ 25. Nxd4 Qc5 26. Qe3 Nf6 27. Rc1 Nxd5 28. Qe4 Rd2 29. Kf1 Rxd4 0-1

[Event "16e Tournoi d'Automne - Tournoi B"]
[Site "Montigny le Bretonneux"]
[Date "2017.10.27"]
[Round "7.1"]
[White "Taramelli, Marc"]
[Black "Plantet, Marc"]
[Result "1-0"]
[WhiteElo "1787"]
[BlackElo "1765"]
[Annotator "Rivier,Sylvain"]
[PlyCount "41"]
[EventDate "2017.??.??"]

{Partie italienne, guiocco piano} 1. e4 e5 2. Nf3 Nc6 3. Bc4 Bc5 4. c3 Nf6 5.
d4 exd4 6. cxd4 Bb4+ 7. Nc3 Nxe4 8. O-O Bxc3 9. d5 Bf6 10. Re1 O-O 11. Rxe4 Na5
12. Bd3 c5 13. d6 b6 14. Rg4 Bb7 15. Ng5 g6 16. Ne4 Re8 17. Qf3 Bxe4 18. Rxe4
Nc6 19. Rxe8+ Qxe8 20. Qxf6 Qe1+ 21. Bf1 1-0

[Event "16e Tournoi d'Automne - Tournoi B"]
[Site "Montigny le Bretonneux"]
[Date "2017.10.27"]
[Round "7.2"]
[White "Conq, Alain"]
[Black "Claisse, Patrick"]
[Result "1/2-1/2"]
[WhiteElo "1829"]
[BlackElo "1748"]
[Annotator "Rivier,Sylvain"]
[PlyCount "91"]
[EventDate "2017.??.??"]

{Défense Grünfeld, variante russe} 1. d4 Nf6 2. c4 g6 3. Nc3 d5 4. Nf3 Bg7 5.
Qb3 dxc4 6. Qxc4 c6 7. e4 O-O 8. e5 Nd5 9. Nxd5 cxd5 10. Qb3 e6 11. h4 h5 12.
Bg5 Qa5+ 13. Qc3 Qxc3+ 14. bxc3 b6 15. Bb5 Ba6 16. a4 Rc8 17. Kd2 Bb7 18. Rhb1
Nc6 19. Bxc6 Bxc6 20. a5 b5 21. Be7 a6 22. Ng5 Be8 23. g4 hxg4 24. Rg1 Bf8 25.
Bxf8 Kxf8 26. Rxg4 Ke7 27. Nh7 Bc6 28. Nf6 Rh8 29. Rh1 Rh6 30. Rg5 Rhh8 31. h5
gxh5 32. Rgxh5 Rxh5 33. Rxh5 Rb8 34. Rh1 b4 35. Rc1 b3 36. Rb1 Ba4 37. Ng4 b2
38. Ne3 Rb5 39. f4 f5 40. Nc2 Bxc2 41. Kxc2 Rxa5 42. Rxb2 Ra1 43. Rb7+ Ke8 44.
Rb6 Ke7 45. Rb7+ Ke8 46. Rb6 1/2-1/2

[Event "16e Tournoi d'Automne - Tournoi B"]
[Site "Montigny le Bretonneux"]
[Date "2017.10.27"]
[Round "7.3"]
[White "Verat-Fayolle, Celian"]
[Black "Bremond, Louis"]
[Result "1-0"]
[WhiteElo "1734"]
[BlackElo "1844"]
[Annotator "Rivier,Sylvain"]
[PlyCount "77"]
[EventDate "2017.??.??"]

{Défense Pirc} 1. e4 d6 2. d4 Nf6 3. Nc3 g6 4. Bc4 Bg7 5. Qe2 O-O 6. e5 dxe5 7.
dxe5 Ne8 8. Bg5 c6 9. e6 f6 10. Bf4 b5 11. Bb3 a5 12. a3 Na6 13. Qe3 Nec7 14.
Rd1 Qe8 15. Rd7 b4 16. Na4 Nd5 17. Rxd5 cxd5 18. Nb6 Bb7 19. Nxa8 d4 20. Qg3
Qxa8 21. Nf3 Bxf3 22. Qxf3 Qxf3 23. gxf3 Nc5 24. Bc4 Rc8 25. axb4 axb4 26. b3
Rc6 27. Kd2 Nxe6 28. Re1 Rxc4 29. Rxe6 Rc3 30. Rxe7 Rxf3 31. Bd6 f5 32. Ke2 Rc3
33. Kd1 d3 34. Rxg7+ Kxg7 35. Be5+ Kf7 36. Bxc3 dxc2+ 37. Kxc2 bxc3 38. f4 g5
39. fxg5 1-0

[Event "16e Tournoi d'Automne - Tournoi B"]
[Site "Montigny le Bretonneux"]
[Date "2017.10.27"]
[Round "7.4"]
[White "Chitrit, Norbert"]
[Black "Gazay, Didier"]
[Result "1/2-1/2"]
[WhiteElo "1768"]
[BlackElo "1757"]
[Annotator "Rivier,Sylvain"]
[PlyCount "176"]
[EventDate "2017.??.??"]

{Défense française} 1. e4 e6 2. Nf3 d5 3. Nc3 a6 4. d3 d4 5. Ne2 c5 6. Ng3 Nc6
7. Be2 e5 8. c3 b5 9. O-O g6 10. a4 Rb8 11. Bd2 Bg7 12. cxd4 cxd4 13. Qc2 Nge7
14. Rfc1 O-O 15. b4 Qd6 16. Qc5 Qxc5 17. Rxc5 bxa4 18. Rxa4 f6 19. Bd1 Bb7 20.
Bb3+ Kh8 21. Kf1 Rfd8 22. Rc1 Bf8 23. Bc4 Ra8 24. Rca1 Nb8 25. b5 Nc8 26. Ba5
Rd7 27. bxa6 Bc6 28. R4a2 Rda7 29. Bd8 Kg7 30. Be6 Nd6 31. Ke2 Nb5 32. Bb6 Nc3+
33. Kd2 Nxa2 34. Bxa7 Rxa7 35. Rxa2 Rxa6 36. Rxa6 Nxa6 37. Bc4 Bb4+ 38. Ke2 Nc5
39. Nf1 Na4 40. N3d2 Nc3+ 41. Ke1 h5 42. f3 h4 43. Kf2 g5 44. g3 Kh6 45. gxh4
gxh4 46. Kg2 Kg5 47. Kf2 Kf4 48. Bb3 Bd7 49. Bf7 Nd1+ 50. Ke2 Nc3+ 51. Kf2 Bh3
52. Bb3 f5 53. exf5 Bxf5 54. Ne4 Nxe4+ 55. fxe4 Bg4 56. Bc4 Ba3 57. Nd2 Bc1 58.
Nb3 Be3+ 59. Kf1 Kf3 60. Nc5 Bh3+ 61. Ke1 Kg2 62. Be6 Bxe6 63. Nxe6 Kxh2 64.
Kf1 h3 65. Ng7 Kg3 66. Nf5+ Kf4 67. Nh4 Kg4 68. Nf5 Bf4 69. Kf2 Bh2 70. Nh4 Kg5
71. Nf5 Kf4 72. Ng7 Bg3+ 73. Kg1 Kf3 74. Nf5 h2+ 75. Kh1 Bf4 76. Nh4+ Kf2 77.
Ng6 Ke2 78. Kg2 Kxd3 79. Nxf4+ Kxe4 80. Kxh2 Ke3 81. Nh3 Ke2 82. Kg2 d3 83. Nf2
d2 84. Ne4 Ke3 85. Nc3 Kd3 86. Nd1 Ke2 87. Nc3+ Ke1 88. Kf3 d1=Q+ 1/2-1/2

[Event "16e Tournoi d'Automne - Tournoi B"]
[Site "Montigny le Bretonneux"]
[Date "2017.10.27"]
[Round "7.5"]
[White "Duval, Dominique"]
[Black "Couronne, Patrice"]
[Result "1-0"]
[WhiteElo "1718"]
[BlackElo "1657"]
[Annotator "Rivier,Sylvain"]
[PlyCount "127"]
[EventDate "2017.??.??"]

{Ouverture du pion dame, défense est-indienne} 1. d4 Nf6 2. Bf4 d6 3. e3 g6 4.
Bd3 Bg7 5. h3 O-O 6. Nf3 Nbd7 7. Bh2 c5 8. c3 a6 9. a4 b6 10. Nbd2 Bb7 11. O-O
Rc8 12. Qe2 Nb8 13. Rfc1 Nfd7 14. Ne4 d5 15. Ng3 c4 16. Bc2 Nc6 17. e4 Na5 18.
Re1 Re8 19. e5 Nf8 20. h4 Ne6 21. Qe3 Rc6 22. h5 f5 23. hxg6 hxg6 24. Ng5 Bc8
25. Nxe6 Bxe6 26. Ne2 Kf7 27. f3 Rh8 28. Bg3 Rh5 29. Bf4 Qh8 30. Ng3 Rh7 31.
Kf2 Bh6 32. Bxh6 Rxh6 33. Rh1 Rxh1 34. Rxh1 Qg7 35. Qg5 Rc8 36. Qh4 Rb8 37. Ne2
b5 38. Nf4 b4 39. Qh7 Bd7 40. Qxg7+ Kxg7 41. Nxd5 bxc3 42. bxc3 Rb2 43. Nb4
Bxa4 44. Ra1 Bxc2 45. Rxa5 Ba4+ 46. Ke3 Bb5 47. Nxa6 Bxa6 48. Rxa6 Rc2 49. Ra3
e6 50. g3 Kh6 51. g4 Kg5 52. f4+ Kxg4 53. d5 exd5 54. e6 Rh2 55. Ra1 Rh3+ 56.
Kd4 Kxf4 57. e7 Rh8 58. Kxd5 g5 59. Ke6 g4 60. Rf1+ Ke3 61. Rxf5 g3 62. Rf8
Rh6+ 63. Kd7 Rh7 64. Kd8 1-0

[Event "16e Tournoi d'Automne - Tournoi B"]
[Site "Montigny le Bretonneux"]
[Date "2017.10.28"]
[Round "8.1"]
[White "Bremond, Louis"]
[Black "Conq, Alain"]
[Result "1-0"]
[WhiteElo "1844"]
[BlackElo "1829"]
[Annotator "Rivier,Sylvain"]
[PlyCount "107"]
[EventDate "2017.??.??"]

{Défense sicilienne, variante O'Kelly} 1. e4 c5 2. Nf3 a6 3. c4 e6 4. Nc3 Nc6
5. d4 cxd4 6. Nxd4 Nf6 7. Nxc6 dxc6 8. Qxd8+ Kxd8 9. Bg5 Be7 10. O-O-O+ Nd7 11.
Bf4 g5 12. Bg3 f5 13. Be5 Rf8 14. Be2 Bf6 15. Bd6 Be7 16. e5 Bxd6 17. exd6 Ne5
18. c5 Rb8 19. Rhe1 Nd7 20. b4 b6 21. Na4 bxc5 22. Nxc5 Nxc5 23. bxc5 Kd7 24.
Rd4 Rf7 25. Ra4 Kd8 26. Bxa6 Ra7 27. Bb5 Rab7 28. Bd3 Rb4 29. Rxb4 Rxb4 30. g3
Rd4 31. Kc2 Rd5 32. Bc4 Rxc5 33. Kb3 Ra5 34. a4 Ra7 35. Bxe6 Bxe6+ 36. Rxe6 c5
37. Re7 Ra6 38. Rxh7 Rxd6 39. Rf7 Rd3+ 40. Kc4 Rf3 41. Kxc5 Rxf2 42. a5 Ra2 43.
Kb4 f4 44. gxf4 gxf4 45. h4 Rb2+ 46. Ka3 Rb5 47. Ka4 Rh5 48. Rxf4 Kc7 49. Rb4
Rh6 50. Kb3 Ra6 51. Ra4 Kb7 52. Kc3 Rh6 53. a6+ Ka7 54. Kd3 1-0

[Event "16e Tournoi d'Automne - Tournoi B"]
[Site "Montigny le Bretonneux"]
[Date "2017.10.28"]
[Round "8.2"]
[White "Claisse, Patrick"]
[Black "Taramelli, Marc"]
[Result "1-0"]
[WhiteElo "1748"]
[BlackElo "1787"]
[Annotator "Rivier,Sylvain"]
[PlyCount "63"]
[EventDate "2017.??.??"]

{Défense sicilienne, variante du dragon} 1. e4 c5 2. Nf3 d6 3. d4 cxd4 4. Nxd4
Nf6 5. Nc3 g6 6. Be2 Bg7 7. Be3 O-O 8. O-O Nc6 9. Nb3 Bd7 10. f4 Rc8 11. Bf3 a6
12. a4 Na5 13. Nxa5 Qxa5 14. e5 dxe5 15. Bxb7 Rb8 16. Qf3 e4 17. Nxe4 Ng4 18.
Nc5 Nxe3 19. Qxe3 Rxb7 20. Nxb7 Qb4 21. Qb3 Qd4+ 22. Kh1 Bc6 23. Na5 Ba8 24. c3
Qe4 25. Rf2 Bh6 26. Qc4 Qf5 27. Nc6 Qd7 28. Ne5 Qf5 29. Rd1 Qh5 30. Qe2 Qxe2
31. Rxe2 Bxf4 32. Nd7 1-0

[Event "16e Tournoi d'Automne - Tournoi B"]
[Site "Montigny le Bretonneux"]
[Date "2017.10.28"]
[Round "8.3"]
[White "Plantet, Marc"]
[Black "Chitrit, Norbert"]
[Result "1-0"]
[WhiteElo "1765"]
[BlackElo "1768"]
[Annotator "Rivier,Sylvain"]
[PlyCount "113"]
[EventDate "2017.??.??"]

{Défense Alekhine, variante de chasse} 1. e4 Nf6 2. Bc4 d5 3. exd5 Nxd5 4. Nc3
e6 5. Qh5 Nf6 6. Qe2 Nc6 7. Nf3 Be7 8. O-O Nd4 9. Nxd4 Qxd4 10. d3 c6 11. Be3
Qd8 12. a4 a5 13. Rad1 O-O 14. Ne4 e5 15. c3 Bf5 16. Ng3 Bg6 17. f4 exf4 18.
Bxf4 Re8 19. Qf2 Nd5 20. Bc1 Bf6 21. Rde1 Rxe1 22. Rxe1 Nb6 23. Ne4 Bxe4 24.
Rxe4 Nxc4 25. dxc4 Qd1+ 26. Qe1 Qd7 27. Be3 Qf5 28. Bd4 h6 29. Bxf6 Qxf6 30.
Re7 Qf5 31. Rxb7 Qc5+ 32. Qf2 Qxc4 33. b3 Qxc3 34. Qxf7+ Kh8 35. Qc4 Qe1+ 36.
Qf1 Qe3+ 37. Kh1 Re8 38. h3 Qg3 39. Re7 Rb8 40. Qf7 Kh7 41. Qf5+ Qg6 42. Qxg6+
Kxg6 43. Re6+ Kf7 44. Rxc6 Rxb3 45. Ra6 Ra3 46. Rxa5 g6 47. Ra8 g5 48. a5 h5
49. a6 h4 50. a7 Kg7 51. Kg1 Ra2 52. Kf1 Kh7 53. Ke1 Kg7 54. Kd1 Kh7 55. Kc1
Ra3 56. Kb2 Rg3 57. Rc8 1-0

[Event "16e Tournoi d'Automne - Tournoi B"]
[Site "Montigny le Bretonneux"]
[Date "2017.10.28"]
[Round "8.4"]
[White "Couronne, Patrice"]
[Black "Gazay, Didier"]
[Result "1-0"]
[WhiteElo "1657"]
[BlackElo "1757"]
[Annotator "Rivier,Sylvain"]
[PlyCount "64"]
[EventDate "2017.??.??"]

{Défense hollandaise} 1. d4 e6 2. c4 f5 3. Nc3 d5 4. Bf4 c6 5. e3 Nf6 6. Nf3 a5
7. a3 Bd6 8. Bxd6 Qxd6 9. c5 Qc7 10. Na4 Nbd7 11. Be2 O-O 12. O-O Rb8 13. Rc1
Re8 14. Bd3 g6 15. b4 axb4 16. axb4 e5 17. dxe5 Nxe5 18. Nxe5 Qxe5 19. Re1 Be6
20. Bc2 Qc7 21. Qd4 Kf7 22. h3 Rbd8 23. Nb6 Ne4 24. Ra1 Qe7 25. Ra7 Rb8 26.
Rea1 Qh4 27. Bxe4 fxe4 28. Rd1 Qf6 29. Kf1 Qxd4 30. Rxd4 Re7 31. Ke2 Kf6 32. f3
exf3+ {il y a eu ensuite un coup illégal... Tf4+} 1-0

[Event "16e Tournoi d'Automne - Tournoi B"]
[Site "Montigny le Bretonneux"]
[Date "2017.10.28"]
[Round "8.5"]
[White "Duval, Dominique"]
[Black "Verat-Fayolle, Celian"]
[Result "0-1"]
[WhiteElo "1718"]
[BlackElo "1734"]
[Annotator "Rivier,Sylvain"]
[PlyCount "48"]
[EventDate "2017.??.??"]

{Partie du pion dame} 1. d4 d5 2. Nf3 c5 3. e3 Bg4 4. Be2 Nc6 5. O-O Nf6 6.
Nbd2 e6 7. h3 Bh5 8. b3 Be7 9. Bb2 O-O 10. Rc1 Qa5 11. dxc5 Bxc5 12. Bxf6 gxf6
13. c4 Ba3 14. cxd5 Bxc1 15. Qxc1 Qxd5 16. Bc4 Qa5 17. Ne4 Bxf3 18. gxf3 Qf5
19. Kh2 Ne5 20. Rg1+ Kh8 21. Rg4 Rg8 22. Ng3 Nxg4+ 23. hxg4 Qxf3 24. Qb2 Rxg4
0-1

[Event "16e Tournoi d'Automne - Tournoi B"]
[Site "Montigny le Bretonneux"]
[Date "2017.10.29"]
[Round "9.1"]
[White "Taramelli, Marc"]
[Black "Bremond, Louis"]
[Result "0-1"]
[WhiteElo "1787"]
[BlackElo "1844"]
[Annotator "Rivier,Sylvain"]
[PlyCount "66"]
[EventDate "2017.??.??"]

{Ouverture du pion dame, défense est-indienne} 1. d4 Nf6 2. Nf3 g6 3. Nc3 Bg7
4. Bf4 d6 5. e3 O-O 6. Be2 b6 7. h4 Bg4 8. Ng5 Bxe2 9. Qxe2 h6 10. Nge4 Nxe4
11. Nxe4 d5 12. Nc3 c5 13. O-O-O cxd4 14. exd4 Nc6 15. Qe3 Kh7 16. h5 g5 17.
Bxg5 hxg5 18. h6 Bf6 19. Qd3+ Kh8 20. h7 Rc8 21. Qe3 Qd6 22. g3 Na5 23. Rd3 Nc4
24. Qf3 Qb4 25. Nxd5 Qxb2+ 26. Kd1 Qb1+ 27. Ke2 Qxc2+ 28. Ke1 Rc6 29. Qd1 Re6+
30. Kf1 Qxd1+ 31. Rxd1 Rd8 32. Nxf6 Rxf6 33. Kg2 Rfd6 0-1

[Event "16e Tournoi d'Automne - Tournoi B"]
[Site "Montigny le Bretonneux"]
[Date "2017.10.29"]
[Round "9.2"]
[White "Gazay, Didier"]
[Black "Plantet, Marc"]
[Result "0-1"]
[WhiteElo "1757"]
[BlackElo "1765"]
[Annotator "Rivier,Sylvain"]
[PlyCount "82"]
[EventDate "2017.??.??"]
[WhiteTeam "Echiquier Scéen - Sceaux"]
[BlackTeam "ECHECS 78"]

{Ouverture du pion dame} 1. c4 b6 2. Nc3 e6 3. d4 Bb7 4. Nf3 Bb4 5. Bg5 Ne7 6.
Qb3 c5 7. O-O-O d5 8. e3 O-O 9. dxc5 Bxc3 10. Qxc3 f6 11. Bh4 Nd7 12. Nd4 Nxc5
13. b4 Ne4 14. Qa3 Kf7 15. f3 Nd6 16. c5 Ndf5 17. Bf2 a5 18. b5 bxc5 19. Nb3 c4
20. Nc5 Qc7 21. g4 Nd6 22. Nxb7 Nxb7 23. Kc2 Nc8 24. Rb1 Nb6 25. Bg3 e5 26. Be2
Qc5 27. Qxc5 Nxc5 28. h4 Rac8 29. f4 d4 30. exd4 exd4 31. Bf3 Rfd8 32. Bc6 Nca4
33. Bf2 d3+ 34. Kc1 Rd6 35. Bxb6 Nxb6 36. Kb2 Na4+ 37. Ka3 Nc3 38. Rb2 d2 39.
Bf3 Rd3 40. Bc6 Nb1+ 41. Ka4 Ra3# 0-1

[Event "16e Tournoi d'Automne - Tournoi B"]
[Site "Montigny le Bretonneux"]
[Date "2017.10.29"]
[Round "9.3"]
[White "Conq, Alain"]
[Black "Duval, Dominique"]
[Result "0-1"]
[WhiteElo "1829"]
[BlackElo "1718"]
[Annotator "Rivier,Sylvain"]
[PlyCount "76"]
[EventDate "2017.??.??"]

{Gambit dame, défense Tchigorine} 1. d4 d5 2. c4 Nc6 3. Nf3 e6 4. Nc3 Bb4 5.
Bg5 f6 6. cxd5 exd5 7. Bd2 Bg4 8. e3 a6 9. Be2 Nge7 10. O-O Qd7 11. a3 Bxc3 12.
bxc3 Na5 13. Nh4 Bxe2 14. Qxe2 Nc4 15. Ra2 O-O-O 16. e4 Nxd2 17. Rxd2 dxe4 18.
Qxe4 g5 19. Nf3 Ng6 20. Rb2 Qd5 21. Qxd5 Rxd5 22. Rfb1 b6 23. c4 Ra5 24. Rb3
Rd8 25. d5 Rc5 26. Rb4 a5 27. Ra4 Nf4 28. Nd4 Nxd5 29. Rc1 Nf4 30. g3 Rxd4 31.
gxf4 Rxf4 32. Rc3 Kb7 33. Rh3 Ka6 34. Rxh7 Rcxc4 35. Rxc4 Rxc4 36. Rf7 Rc6 37.
Kg2 b5 38. Rd7 b4 0-1

[Event "16e Tournoi d'Automne - Tournoi B"]
[Site "Montigny le Bretonneux"]
[Date "2017.10.29"]
[Round "9.4"]
[White "Chitrit, Norbert"]
[Black "Claisse, Patrick"]
[Result "1-0"]
[WhiteElo "1768"]
[BlackElo "1748"]
[Annotator "Rivier,Sylvain"]
[PlyCount "121"]
[EventDate "2017.??.??"]

{Ouverture anglaise, variante symétrique classique} 1. Nf3 Nf6 2. g3 g6 3. Bg2
Bg7 4. c4 c5 5. Nc3 d5 6. d3 O-O 7. O-O Nc6 8. cxd5 Nxd5 9. Nxd5 Qxd5 10. Nd2
Qd7 11. Ne4 b6 12. Nc3 Bb7 13. Qa4 Rfd8 14. Qh4 Nd4 15. Bxb7 Qxb7 16. Qe4 Qxe4
17. dxe4 Rd7 18. g4 b5 19. e3 b4 20. Nd5 Ne2+ 21. Kg2 e6 22. Nf4 Nxf4+ 23. exf4
Bd4 24. Rb1 a5 25. Rd1 a4 26. Be3 Rad8 27. Kf3 Kf8 28. Rbc1 Bxe3 29. Rxd7 Rxd7
30. Kxe3 Rc7 31. Kd3 Ke7 32. h4 Kd6 33. Kc4 Kc6 34. Rd1 Rc8 35. e5 Rc7 36. g5
Kb6 37. Rd6+ Kb7 38. Kb5 c4 39. Kxb4 a3 40. bxa3 c3 41. Rd1 c2 42. Rc1 Kb6 43.
Kb3 Ka5 44. Rxc2 Rb7+ 45. Kc3 Ka4 46. Kd3 Kxa3 47. Ke3 Rd7 48. Kf3 Rb7 49. Rc8
Kxa2 50. Rh8 Rb3+ 51. Kg2 Rb4 52. Kg3 Rb3+ 53. f3 Kb2 54. Rxh7 Kc2 55. Rxf7 Kd2
56. Kf2 Kd3 57. Rd7+ Kc4 58. Rd6 Rb2+ 59. Kg3 Rb1 60. Rxe6 Rg1+ 61. Kh2 1-0

[Event "16e Tournoi d'Automne - Tournoi B"]
[Site "Montigny le Bretonneux"]
[Date "2017.10.29"]
[Round "9.5"]
[White "Verat-Fayolle, Celian"]
[Black "Couronne, Patrice"]
[Result "1-0"]
[WhiteElo "1734"]
[BlackElo "1657"]
[Annotator "Rivier,Sylvain"]
[PlyCount "103"]
[EventDate "2017.??.??"]

{Défense sicilienne, attaque Canal-Sokolsky} 1. e4 c5 2. Nf3 Nc6 3. Nc3 d6 4.
Bb5 Bd7 5. O-O g6 6. d3 Bg7 7. Bg5 a6 8. Bxc6 bxc6 9. Qd2 Rb8 10. Rab1 h6 11.
Bf4 Bg4 12. e5 dxe5 13. Nxe5 Rc8 14. Nxg4 Qd4 15. Qe3 Nf6 16. Qxd4 cxd4 17.
Nxf6+ Bxf6 18. Ne4 Bg7 19. Rfe1 O-O 20. Nc5 e6 21. Be5 Rfd8 22. Bxg7 Kxg7 23.
Nxa6 Ra8 24. Nb4 c5 25. Nc6 Rd6 26. Ne5 Rxa2 27. Ra1 Rda6 28. Rxa2 Rxa2 29. Nc4
f6 30. g4 e5 31. Rb1 Kf7 32. f3 Ke6 33. Kf2 Kd5 34. Ke2 Ra6 35. b4 cxb4 36.
Rxb4 Ra2 37. Rb2 Ra1 38. Rb5+ Ke6 39. Rb6+ Ke7 40. Rb7+ Ke6 41. Rh7 f5 42. Rxh6
Kf6 43. h4 Rc1 44. g5+ Kg7 45. Kd2 Rh1 46. Nxe5 Rh2+ 47. Kc1 Rh3 48. Rxg6+ Kf8
49. Rh6 Kg7 50. h5 Rg3 51. Rg6+ Kh7 52. h6 1-0